Podkrkonoší /

Další autoři: Nováková, Marcela, 1950-, Novák, Zdeněk, 1929-2013, Morávek, Jiří, 1938-
Jazyk: Čeština
Vydáno: Praha : Olympia, 2005
Vydání: 1. vyd.
Edice: Průvodce po České republice (Olympia)
Témata:
Fyzický popis: 102 s., [24] s. barev. obr. příl. : il., mapy ; 21 cm
Knihy
Uloženo v:
LEADER 01393nam a2200385 a 4500
001 000774293
003 CZ BrMZK
005 20051109132156.0
007 ta
008 050513s2005 xr abf grf 001 0 cze d
015 |a cnb001493588 
020 |a 80-7033-863-6  |q (váz.) 
035 |a (OCoLC)85132306 
040 |a BOA001  |b cze 
043 |a e-xr---  |b e-xr-cc  |2 czenas 
072 7 |a 913(4)  |x Geografie Evropy, reálie, cestování  |2 Konspekt  |9 7 
080 |a 913(437.31-17)  |2 MRF 
080 |a 908(437.31-17)  |2 MRF 
080 |a (036)913  |2 MRF 
245 0 0 |a Podkrkonoší /  |c [text Marcela Nováková, Zdeněk Novák ; fotografie Jiří Morávek] 
250 |a 1. vyd. 
260 |a Praha :  |b Olympia,  |c 2005 
300 |a 102 s., [24] s. barev. obr. příl. :  |b il., mapy ;  |c 21 cm 
490 1 |a Průvodce po České republice 
500 |a Obsahuje rejstřík 
655 7 |a turistické průvodce  |7 fd133738  |2 czenas 
651 7 |a Podkrkonoší (Česko)  |7 ge137859  |2 czenas 
700 1 |a Nováková, Marcela,  |d 1950-  |7 jn20010309785  |4 aut 
700 1 |a Novák, Zdeněk,  |d 1929-2013  |7 jk01090562  |4 aut 
700 1 |a Morávek, Jiří,  |d 1938-  |7 jx20040914014  |4 pht 
830 0 |a Průvodce po České republice (Olympia)  |0 s 
910 |a BOA001  |b 2-1150.360 
990 |a BK 
991 |b 200507  |c NOV 
996 6 |b 2610251489  |c 2-1150.360  |l MZK  |r Sklad / do 1 hodiny  |n 0  |p p.v.  |w 000774293  |u 000010  |a 1  |e BOA001  |j MZK50  |s P